000 00301nam a22001337a 4500
008 170922b xxu||||| |||| 00| 0 eng d
020 _a9780312676094
041 _aeng
080 _25TH
_a37
100 _a46
101 _aEDU
245 _aSUCCESSFUL COLLEGE WRITING
_cWHORTER,K.T
942 _2udc
_cBK
999 _c29183
_d29183